Powiaty w województwie warmińsko-mazurskim - nagła śmierć - Statystyki

Ogólne statystyki
  • Ten quiz został rozwiązany 71 razy
    69 od ostatniego zresetowania
  • Średni wynik to 18 z 20
Answers on the Grid
Answers color-coded by a green-red scale on the quiz's grid according to % correct below.
bartoszycki
braniewski
ciechanowski
działdowski
Elbląg
ełcki
giżycki
gołdapski
iławski
inowrocławski
jarociński
Jastrzębie-Zdrój
kamieński
kępiński
kętrzyński
kłodzki
lidzbardzki
łomżyński
lubartowski
Lubin
Lublin
międzychodzki
mławski
moniecki
mrągowski
namysłowski
nidzicki
nowodworski
nowomiejski
obornicki
olecki
oleśnicki
Olsztyn
olsztyński
ostródzki
piski
policki
radomszczański
siemiatycki
sławieński
Suwałki
Świętochłowice
szczycieński
sztumski
węgorzewski
węgrowski
wieruszowski
włodawski
zdzieszowicki
zwoleński
 
Statystyki odpowiedzi
Odpowiedź % Poprawnych
bartoszycki
100%
Elbląg
94%
giżycki
94%
kętrzyński
94%
lidzbardzki
94%
braniewski
89%
działdowski
89%
ełcki
89%
gołdapski
89%
iławski
89%
mrągowski
89%
nidzicki
89%
Olsztyn
89%
piski
89%
węgorzewski
89%
olecki
83%
olsztyński
83%
ostródzki
83%
szczycieński
83%
nowomiejski
67%
Nie znaleziono quizów pasujących do podanych kryteriów
Rozkład punktacji
Procent ludzi z każdym wynikiem
Percentyl według liczby udzielonych odpowiedzi
Twoja historia wyników
Nie rozwiązałeś tego quizu od ostatniego zresetowania